| 000 | 00320nam a22001217a 4500 | ||
|---|---|---|---|
| 020 | _a9788126151011 | ||
| 082 |
_a631.584 _bFIN/HA |
||
| 245 | _aHandbook of Organic Farming: Principles and Practices | ||
| 260 |
_aNew Delhi _bAnmol PUblications Pvt.Ltd _c2013 |
||
| 300 | _a344 | ||
| 700 |
_aFinn,Reynold _9360 |
||
| 942 | _cBK | ||
| 999 |
_c14269 _d14269 |
||